000 00267nam a2200097Ia 4500
001 1144665
005 20250827010218.0
008 250824s9999 xx 000 0 und d
245 0 _aAKILLANDIM ARTIK ŞİMDİ DAHA DELİYİM
_cNİLGÜN BODUR
260 _bDESTEK YAYINLARI
999 _c1144665
_d1144665